000 00325nam a22001337a 4500
008 171023b xxu||||| |||| 00| 0 eng d
020 _a9780131858046
041 _aeng
080 _a338
100 _a54
101 _aMO
245 _aINTRODUCTION TO OPERATIONS AND SUPPLY CHAIN MANAGEMENT
_cBOZARTH, C.C
942 _2udc
_cBK
999 _c35421
_d35421